Missing Word: Canadian Things Quiz Stats

Quiz Updated Oct 12, 2016

Challenge
Share
Tweet
Embed
Score 0/20 Timer 02:00
1 Play Today
Canadian Phrase Missing Word % Correct
___ ScotiaNova
95.5%
Toronto ___ JaysBlue
95.2%
___ J. FoxMichael
93.1%
___ ShatnerWilliam
91.4%
___ BrunswickNew
90.7%
Keanu ___Reeves
90.6%
Toronto Maple ___Leafs
88.1%
Anne of ___ GablesGreen
87.6%
Crash ___ DummiesTest
86.4%
___ Edward IslandPrince
83.6%
Canadian Phrase Missing Word % Correct
Royal Canadian ___ PoliceMounted
77.7%
Sault Ste. ___Marie
57.6%
The ___ in the HallKids
54%
Degrassi ___ HighJunior
51.4%
Newfoundland and ___Labrador
49.8%
Governor ___ of CanadaGeneral
46%
Neil Young & ___ HorseCrazy
42.5%
Toronto ___ International AirportPearson
32%
___ Fraser UniversitySimon
30.1%
Bob and ___ McKenzieDoug
27.3%

Today's Daily Dose

You're not logged in!

Compare scores with friends on all Sporcle quizzes.
Join for Free
OR
Log In

You Might Also Like...

Show Comments

Extras

Top Quizzes Today


Score Distribution

Your Account Isn't Verified!

In order to create a playlist on Sporcle, you need to verify the email address you used during registration. Go to your Sporcle Settings to finish the process.

Report this User

Report this user for behavior that violates our Community Guidelines.

Details: